Представление документа в формате RUSMARC

ПолеНазваниеЗначение
  Тип записи a
  Библиографический уровень m
001 Контрольный номер UONB/MAIN/f83adfdb99524576898da9da9a4fe05d
005 Дата корректировки 20250520124555.1
010 Индекс ISBN __
b Уточнения в пер.
d Цена 50 к.
9 Тираж 2000 экз.
100 Данные общей обработки __
a Данные общей обработки 20230510d1968 uy0rusy0189## ca
101 Язык документа 0_
a Язык текста rus
102 Страна публикации __
a Страна публикации RU
105 Кодированные данные (монография) __
a Кодированные данные (монография) a z 001yy
200 Заглавие и сведения об ответственности 1_
a Заглавие Конструкции современных цепных волочильных машин
203 Вид содержания и тип средства __
a Вид содержания Текст
b Характеристика содержания визуальный
c Тип средства непосредственный
210 Выходные данные 1_
a Место издания Москва
c Издательство Машиностроение
d Дата издания 1968
215 Физическое описание __
a Объем 151 с.
c Иллюстрации/тип воспроизводства ил.
d Формат 21 см
300 Общие примечания __
a Общие примечания Перед загл. авт.: А.А. Греков, М.И. Косов, З.И. Перциков и др.
320 Библиография __
a Библиография Библиогр.: с. 148-149 (45 назв.)
606 Тематические рубрики 0_
a Основная рубрика Волочильные станки
606 Тематические рубрики 0_
a Основная рубрика Трубоволочильные станки
610 Ключевые слова 0_
a Ключевые слова волочильные станки; трубоволочильные станки
675 Индекс УДК __
a Индекс УДК 6П4.23-08
686 Индексы других классификаций __
a Классификационный индекс 34
2 Код системы rubbk
801 Источник записи _0
a Страна RU
b Организация Ульяновская ОНБ
c Дата составления 20230510
g Правила каталогизации RCR
801 Источник записи _1
a Страна RU
b Организация Ульяновская ОНБ
c Дата составления 20230510
g Правила каталогизации RCR
901 Тип документа __
t Тип документа m
909 Создатель записи __
a Создатель записи Мазуренко
b Дата создания записи 20230510